| 000 | 01269nam a22003737a 4500 | ||
|---|---|---|---|
| 001 | 000025673 | ||
| 003 | CHAP | ||
| 005 | 20220329134718.0 | ||
| 008 | 971013s1972 r 00010 d | ||
| 010 | _a24627 | ||
| 011 | _a25599 | ||
| 035 | _a29699 | ||
| 040 | _cCHAP | ||
| 082 |
_a630.72 _bI592 |
||
| 110 |
_aInstituto Colombiano Agropecuario. Tibaitatá _959089 |
||
| 245 | 0 | _aInvestigaciones agropecuarias en progreso. | |
| 260 |
_aTibaitatá : _bInstituto Colombiano Agropecuario, _c1972. |
||
| 300 | _a102 p. | ||
| 490 |
_aBiblioteca agropecuaria de Colombia _v; 1 |
||
| 590 |
_aBATCH-UPD _b10 _c20130110 _lUCH01 _h0025 |
||
| 590 |
_aBATCH-UPD _b10 _c20130110 _lUCH01 _h2151 |
||
| 590 |
_aBATCH-UPD _b10 _c20130409 _lUCH01 _h2006 |
||
| 590 |
_aBATCH-UPD _b10 _c20130410 _lUCH01 _h1459 |
||
| 590 |
_aBATCH-UPD _b10 _c20130913 _lUCH01 _h2057 |
||
| 590 |
_aCONVERSION _b10 _c20130109 _lUCH01 _h1314 |
||
| 590 |
_aE5765TAJ _b05 _c20150603 _lUCH01 _h1327 |
||
| 650 | 1 | 4 |
_aAgricultura _xInvestigación _xColombia. _91603 |
| 650 | 1 | 4 |
_aGanadería _xInvestigación _xColombia. _944769 |
| 830 | 0 |
_aBiblioteca agropecuaria de Colombia _v; 1 _912237 |
|
| 901 | _aBK | ||
| 942 | _cLIBRO | ||
| 942 | _n0 | ||
| 949 |
_a630.72 I51 _bBC _cLIBRO _d33724000041976 _eLIBRO _h41889 _i29699 _mD _si |
||
| 999 |
_c24627 _d24627 |
||